| 000 | 00895nam a2200217 a 4500 | ||
|---|---|---|---|
| 001 | 000005374 | ||
| 005 | 20200929151646.0 | ||
| 008 | 090819s1988 sp ab 001 0 spa d | ||
| 020 | _a840006917X | ||
| 040 |
_aDO-SdBNP _bspa _cBNPHU |
||
| 082 |
_a936.601 _bP979p |
||
| 100 | 1 |
_aPujol Puigvehí, Anna _915245 |
|
| 245 | 1 | 3 |
_aLa población prerromana del extremo nordeste peninsular : _bgénesis y desarrollo de la cultura ibérica en las comarcas gerundenses / _cAnna Pujol Puigvehí ; prólogo Carlos J. Maluquer de Motes. |
| 260 |
_aBarcelona, España : _bConsejo Superior de Investigaciones Científicas, _c1988. |
||
| 300 |
_a2 v. : _bil, map. ; _c23 cm. |
||
| 500 | _aIncluye datos biográficos del autor en la contracubierta | ||
| 500 | _aIncluye tabla de contenido | ||
| 650 | 4 |
_aHistoria antigua _zEuropa _915246 |
|
| 700 | 1 |
_aMaluquer de Motes, Carlos J., _epról. _915247 |
|
| 049 | _aBNPD | ||
| 999 |
_c5174 _d5174 |
||